01022nam a2200217Ia 450000500170000000800410001702000180005805000170007610000300009324501080012325000180023126000350024930000180028450001550030250502360045765000190069365000220071265000190073465000190075370000320077220231102151226.0120630t20121994sp || |||| 000 0 spa d a9788433967954 aHM216bL5618 aLipovetsky, Gilleseautor03aEl crepusculo del deberb: la etica indolora de los nuevos tiempos democráticos c/ Gilles Lipovetsky a4a. edición aEspaña b : Anagramac, 1994 a283 páginas aPlan Flexible Pedagogía / Pedagogía contemporanea (B24-1) (19 000004,19 001361) Pedagogía / Etica y compromiso profesional (B26-2) ( 19 000009) aLa consagración del deber Edén, edén Buscando la moral individual desesperadamente La metamorfosis de la virtud El origen moral o ¿cómo desembarazarse de él? La renovación ética La bodas de la ética y del business10aETICA SOCIAL 20aVALORES SOCIALES 30aINDIVIDUALISMO40aÉTICA SEXUAL aBignozzi, Juana.etraductor